000 00477nam a2200181Ia 4500
001 20990
005 20260306172846.0
008 260306t2012||||xx |||||||||||||| ||spa||
041 _aESP
082 _a343.83
_bC83A
100 _aCosio Jara, Edgar Fernando
_eAUT
245 0 _aComentarios a la ley general de aduanas:
_bdecreto legislativo Nº 1053
260 _c2012
300 _a1259 páginas :
_c24 cm.
650 _aGEN
654 _aCCO
942 _cLIB
_dJUS
_fJUS
_2ddc
_n
999 _c20990
_d20990